00417nam a22001337a 4500003000500000038001800005082000800023100001800031245008700049264003400136650002200170700003300192856005800225NUST aNusrat Nadeem a200 aAhsan, Momina aMultilingual Digital Discourse: Detection and Analysis Using LLMs/cMomina Ahsan,  aIslamabad:bSEECS NUST.c2025 aMS- Data Science  aSupervisor: Dr. Wajid Mumtaz u http://10.250.8.41:8080/xmlui/handle/123456789/54478